Tratamiento de las enfermedades parasitarias de los animales domésticos /

Guardado en:
Autor Principal: Carreras, Faustino Fermín
Otros Autores: Brejov, Gregorio Daniel, Caro, Roberto Rufino
Formato: Libro
Publicado: Buenos Aires : Hemisferio Sur, 1993
Materias:
Etiquetas: Agregar Etiqueta
Sin Etiquetas, Sea el primero en etiquetar este registro!
LEADER 00960nam a22002295a 4500
001 CEM.cems017518
005 20110505154111.0
008 130507s1993##################000#0#####d
003 CEMS
082 0 4 |a 636.089 
100 1 |a Carreras, Faustino Fermín 
245 1 0 |a Tratamiento de las enfermedades parasitarias de los animales domésticos /  |c Faustino [fermín] Carreras, Gregorio [daniel] Brejov y Roberto [rufino] Caro 
260 |a Buenos Aires :  |b Hemisferio Sur,  |c 1993 
300 |a 124 p. 
505 0 |a Cap. 1: Tratamiento de las enfermedades causadas por Helmintos -- Cap. 2: Tratamiento de las enfermedades causadas por Ectoparásitos -- Cap. 3: Tratamiento de las enfermedades causadas por Protozoarios 
653 |a Veterinaria 
653 |a Animales domésticos 
653 |a Enfermedades 
653 |a Parásitos 
700 1 |a Brejov, Gregorio Daniel 
700 1 |a Caro, Roberto Rufino 
859 |a CEMS  |b BIB. CEMS - Agricultura  |h 636.089  |i C233  |p A1314.11  |t Ej.1